Business in context : an introduction to business and its environment.

Shranjeno v:
Bibliografske podrobnosti
Glavni avtor: Needle, David
Format: Knjiga
Izdano: Cengage
Oznake: Označite
Brez oznak, prvi označite!

MARC

LEADER 00000nam a2200000Ia 4500
005 20260515061618.0
100 |a Needle, David, 
020 |a 9781473758391 
942 |c BK 
245 |a Business in context : an introduction to business and its environment. 
260 |b Cengage 
999 |c 83  |d 83 
952 |0 0  |1 0  |4 0  |7 0  |a ABDN  |b ABDN  |d 2026-05-15  |l 0  |p 000078  |r 2026-05-15 06:16:18  |w 2026-05-15  |y BK